000 00416nam a2200181Ia 4500
003 0100
008 130303s9999 xx 000 0 und d
040 _cARRUPELIB
050 _aQA98.K11 1998
100 _aKaku, Michio
245 _aVisions
245 _bHow science will revolutionize the twenty-first century
260 _aNY.
260 _bOX. Univ. Pr.
260 _C1998
300 _a403p
942 0 0 _04
999 _c17241
_d17241